[Event "9. Open Internacional de Galapagar"]
[Site "Galapagar ESP"]
[Date "2008.07.24"]
[Round "6.3"]
[White "Peñalosa Pinilla, Jesus"]
[Black "Cueto Chajtur, Johny"]
[Result "1/2-1/2"]
[WhiteElo "2224"]
[BlackElo "2321"]
[PlyCount "33"]
[EventDate "2008.07.19"]
[EventType "swiss"]
[EventRounds "9"]
[EventCountry "ESP"]
[Source "lmi"]
[SourceDate "2008.07.19"]

1. e4 d6 2. d4 g6 3. Nc3 a6 4. a4 Bg7 5. Nge2 b6 6. g3 Bb7 7. Bg2 Nd7 8. O-O e6
9. Be3 Ne7 10. Qd2 O-O 11. Bh6 Bxh6 12. Qxh6 Kh8 13. Rad1 d5 14. exd5 exd5 15.
Bh3 Nf6 16. Rfe1 Qd6 17. Qf4 1/2-1/2

[Event "9. Open Internacional de Galapagar"]
[Site "Galapagar ESP"]
[Date "2008.07.24"]
[Round "6.4"]
[White "Guerra Tulcan, Lenin"]
[Black "Perez Marco, Ricardo"]
[Result "1/2-1/2"]
[WhiteElo "2302"]
[BlackElo "2176"]
[PlyCount "72"]
[EventDate "2008.07.19"]
[EventType "swiss"]
[EventRounds "9"]
[EventCountry "ESP"]
[Source "lmi"]
[SourceDate "2008.07.19"]

1. e4 c5 2. Nf3 e6 3. d4 cxd4 4. Nxd4 Nf6 5. Nc3 d6 6. Be2 Be7 7. O-O O-O 8.
Kh1 Nc6 9. f4 Qc7 10. Be3 a6 11. a4 Nxd4 12. Bxd4 e5 13. Be3 exf4 14. Bxf4 Be6
15. Qd4 Nd7 16. Rad1 Ne5 17. Rd2 Rac8 18. Rfd1 Qc5 19. Qxc5 Rxc5 20. Be3 Rcc8
21. Nd5 Bxd5 22. exd5 Nc4 23. Bxc4 Rxc4 24. b3 Re4 25. Rd3 Re8 26. c4 Bh4 27.
Bg1 Re1 28. g3 Bd8 29. Rxe1 Rxe1 30. Kg2 Kf8 31. Bf2 Re2 32. Kf3 Rc2 33. h4 Bf6
34. Bb6 Ke8 35. Ke4 Re2+ 36. Be3 Kd7 1/2-1/2

[Event "9. Open Internacional de Galapagar"]
[Site "Galapagar ESP"]
[Date "2008.07.24"]
[Round "6.5"]
[White "Ballesteros Gonzalez, David"]
[Black "Martinez Ramon, Senen"]
[Result "1-0"]
[WhiteElo "2285"]
[BlackElo "2072"]
[PlyCount "132"]
[EventDate "2008.07.19"]
[EventType "swiss"]
[EventRounds "9"]
[EventCountry "ESP"]
[Source "lmi"]
[SourceDate "2008.07.19"]

1. d4 f5 2. Nc3 Nf6 3. Bg5 e6 4. e4 fxe4 5. Nxe4 Be7 6. Bxf6 Bxf6 7. Qh5+ g6 8.
Qh6 Nc6 9. c3 Qe7 10. Nf3 Bg7 11. Qe3 d6 12. Bb5 Bd7 13. Neg5 O-O-O 14. h4 Rdf8
15. O-O-O Rf5 16. Bc4 d5 17. Bd3 Rff8 18. Rhe1 Bh6 19. Kb1 Qf6 20. Re2 Re8 21.
Ne5 Re7 22. f4 Nd8 23. c4 c6 24. Rc1 Ree8 25. g3 Qg7 26. Rc3 Bxg5 27. hxg5 Rhf8
28. Ra3 Kb8 29. Qd2 Bc8 30. Qb4 Qc7 31. Rh2 Rh8 32. Rh1 Nf7 33. Qc5 b6 34.
Nxc6+ Ka8 35. Qb5 Nd6 36. Qa4 Kb7 37. c5 Nc4 38. Bxc4 dxc4 39. Ne5 Ka8 40. c6
Rd8 41. Qxc4 Rhf8 42. Qb4 Rfe8 43. Rc3 Re7 44. a4 Qd6 45. Qxd6 Rxd6 46. Rd1 Kb8
47. b4 Kc7 48. Kb2 Rd8 49. Kb3 a5 50. bxa5 bxa5 51. Rc5 Rd5 52. Rxd5 exd5 53.
Rc1 Kd6 54. Rc5 Ra7 55. Rb5 Ke6 56. Rb8 Ba6 57. Rf8 Rc7 58. g4 Rc8 59. Rf6+ Ke7
60. Rf7+ Kd6 61. f5 Rb8+ 62. Kc3 Bc8 63. f6 Be6 64. Rxh7 Rb4 65. Rd7+ Bxd7 66.
Nxd7 Rb8 1-0

[Event "9. Open Internacional de Galapagar"]
[Site "Galapagar ESP"]
[Date "2008.07.24"]
[Round "6.6"]
[White "Rodriguez Garcia, Jose Maria"]
[Black "Perez Gonzalez, Jose Manuel"]
[Result "0-1"]
[WhiteElo "1996"]
[BlackElo "2255"]
[PlyCount "125"]
[EventDate "2008.07.19"]
[EventType "swiss"]
[EventRounds "9"]
[EventCountry "ESP"]
[Source "lmi"]
[SourceDate "2008.07.19"]

1. d4 Nf6 2. Nf3 g6 3. Nbd2 Bg7 4. e4 d6 5. c3 O-O 6. Bd3 b6 7. O-O Bb7 8. Re1
c5 9. Nf1 cxd4 10. cxd4 Nc6 11. Ng3 Rc8 12. Qa4 a6 13. h3 b5 14. Qd1 Nb4 15.
Qb3 Nxd3 16. Qxd3 Qc7 17. Bd2 Qc2 18. Qxc2 Rxc2 19. Bc3 b4 20. Bxb4 Rxb2 21.
Ba3 Rb5 22. Rac1 Rc8 23. Rxc8+ Bxc8 24. e5 dxe5 25. dxe5 Nd5 26. Rc1 Bb7 27.
Bc5 Bh6 28. Rc4 Rb1+ 29. Kh2 Rc1 30. Rxc1 Bxc1 31. Ne2 Bb2 32. Bd4 Bxd4 33.
Nfxd4 Kf8 34. Nb3 Nb4 35. Nc5 Bd5 36. a3 Nc6 37. Nc3 Bc4 38. f4 g5 39. g3 Kg7
40. N3e4 gxf4 41. gxf4 Kg6 42. Kg3 Nd4 43. Nd2 Bd5 44. Na4 Ne2+ 45. Kg4 h5+ 46.
Kh4 Nxf4 47. Nc5 Kf5 48. a4 Kxe5 49. Nd7+ Kd6 50. Nb6 Be6 51. Kg5 Nxh3+ 52.
Kxh5 Kc5 53. a5 Kb5 54. Na8 Kxa5 55. Nc7 Ba2 56. Kg4 Nf2+ 57. Kf3 Nd3 58. Ke3
Nb4 59. Ne8 Kb6 60. Nf3 Kc5 61. Ng5 Nd5+ 62. Kf3 f6 63. Ne4+ 0-1

[Event "9. Open Internacional de Galapagar"]
[Site "Galapagar ESP"]
[Date "2008.07.24"]
[Round "6.7"]
[White "Spitzer Isbert, Ramon"]
[Black "Solaesa Navalpotro, Luis Julio"]
[Result "0-1"]
[WhiteElo "2051"]
[BlackElo "2216"]
[PlyCount "60"]
[EventDate "2008.07.19"]
[EventType "swiss"]
[EventRounds "9"]
[EventCountry "ESP"]
[Source "lmi"]
[SourceDate "2008.07.19"]

1. d4 Nf6 2. c4 c5 3. Nf3 cxd4 4. Nxd4 e5 5. Nb5 d5 6. cxd5 Bc5 7. N5c3 O-O 8.
e3 e4 9. Be2 Qe7 10. O-O Rd8 11. Qb3 Nbd7 12. Rd1 Qe5 13. Nd2 Nb6 14. Nc4 Nxc4
15. Qxc4 Bd6 16. g3 a6 17. a4 b5 18. Qd4 Qxd4 19. Rxd4 Be5 20. Rd1 b4 21. Nb1
Bb7 22. Bc4 Rac8 23. Bb3 Bxd5 24. Bxd5 Rxd5 25. Nd2 Rc2 26. Rb1 Nd7 27. Kf1 Nc5
28. Ke1 Nd3+ 29. Ke2 Nxb2 30. Bxb2 Bxb2 0-1

[Event "9. Open Internacional de Galapagar"]
[Site "Galapagar ESP"]
[Date "2008.07.24"]
[Round "6.8"]
[White "Pascual Palomo, Lucia"]
[Black "Sotoca Aguado, Jose"]
[Result "0-1"]
[WhiteElo "2158"]
[BlackElo "2040"]
[PlyCount "106"]
[EventDate "2008.07.19"]
[EventType "swiss"]
[EventRounds "9"]
[EventCountry "ESP"]
[Source "lmi"]
[SourceDate "2008.07.19"]

1. e4 c6 2. d4 d5 3. e5 Bf5 4. Nc3 e6 5. g4 Bg6 6. Nge2 h6 7. Be3 Be7 8. Qd2
Nd7 9. O-O-O Nb6 10. Ng3 Bb4 11. a3 Bxc3 12. Qxc3 Ne7 13. f4 Be4 14. Nxe4 dxe4
15. Bg2 Ned5 16. Qb3 Nc4 17. Bf2 Na5 18. Qg3 e3 19. Bxe3 Nc4 20. Bd2 Qb6 21.
Bc3 Nce3 22. Rdg1 Nxg2 23. Rxg2 O-O-O 24. Rd1 Rd7 25. Be1 Qa6 26. f5 Rhd8 27.
Rgd2 b5 28. Qd3 Qa4 29. c3 Qb3 30. Bh4 Re8 31. fxe6 fxe6 32. Qg6 Nc7 33. Rf2
Qd5 34. Rdf1 c5 35. Rc2 Kb7 36. Bf2 Rg8 37. Rd1 c4 38. Bg3 Rf8 39. Re2 Rdf7 40.
Rde1 Qc6 41. g5 hxg5 42. Qxg5 Nd5 43. Qh4 a5 44. Rf2 Rxf2 45. Bxf2 b4 46. axb4
axb4 47. Kd2 Qb5 48. Rc1 bxc3+ 49. bxc3 g5 50. Qg3 Kc7 51. Be3 Qb2+ 52. Rc2 Qb1
53. Qg1 Rf1 0-1

[Event "9. Open Internacional de Galapagar"]
[Site "Galapagar ESP"]
[Date "2008.07.24"]
[Round "6.9"]
[White "Quintero Torres, Pedro"]
[Black "Toranzo Fernandez, Dionisio"]
[Result "1/2-1/2"]
[WhiteElo "2095"]
[BlackElo "2032"]
[PlyCount "48"]
[EventDate "2008.07.19"]
[EventType "swiss"]
[EventRounds "9"]
[EventCountry "ESP"]
[Source "lmi"]
[SourceDate "2008.07.19"]

1. e4 c5 2. Nf3 e6 3. c3 d5 4. Bb5+ Bd7 5. Bxd7+ Qxd7 6. exd5 Qxd5 7. O-O Nf6
8. d4 Be7 9. dxc5 Bxc5 10. Bg5 Qxd1 11. Rxd1 Nd5 12. c4 Ne7 13. Nc3 h6 14. Ne4
b6 15. Nxc5 bxc5 16. Be3 Nd7 17. Rd2 Nf5 18. Bf4 g5 19. Rad1 O-O-O 20. Be5 f6
21. Bc3 e5 22. Rd5 Ne7 23. Rd6 Nf5 24. R6d5 Ne7 1/2-1/2

[Event "9. Open Internacional de Galapagar"]
[Site "Galapagar ESP"]
[Date "2008.07.24"]
[Round "6.10"]
[White "Mansilla Tolosa, Luis Eduardo"]
[Black "Moreno Rodriguez, Jose M"]
[Result "1-0"]
[WhiteElo "2016"]
[BlackElo "2055"]
[PlyCount "93"]
[EventDate "2008.07.19"]
[EventType "swiss"]
[EventRounds "9"]
[EventCountry "ESP"]
[Source "lmi"]
[SourceDate "2008.07.19"]

1. d4 Nf6 2. c4 e6 3. g3 d5 4. Nf3 Bb4+ 5. Nbd2 Nbd7 6. Qc2 O-O 7. Bg2 dxc4 8.
Qxc4 Bd6 9. O-O Nb6 10. Qc2 Re8 11. e4 e5 12. dxe5 Bxe5 13. Rd1 Qe7 14. Nxe5
Qxe5 15. b3 Qxa1 16. Bb2 Qxa2 17. Ra1 Qxa1+ 18. Bxa1 c6 19. f4 Be6 20. f5 Bd7
21. Qc3 Rad8 22. g4 Re7 23. h4 Ne8 24. Qc5 Nc8 25. Nc4 b6 26. Qd4 c5 27. Qd2 b5
28. Na5 Nb6 29. Nc6 Bxc6 30. Qxd8 Rc7 31. h5 Rc8 32. Qe7 Rc7 33. Qxc5 f6 34. g5
fxg5 35. Qe3 h6 36. Bd4 Nc8 37. e5 Ne7 38. f6 Bxg2 39. Kxg2 Nd5 40. Qe4 Nf4+
41. Kf3 Rc1 42. Qb7 gxf6 43. exf6 Rf1+ 44. Kg4 Ne6 45. Qe7 Rf4+ 46. Kg3 N8c7
47. Be5 1-0

[Event "9. Open Internacional de Galapagar"]
[Site "Galapagar ESP"]
[Date "2008.07.24"]
[Round "6.11"]
[White "Hernandez Navas, Francisco Javier"]
[Black "Baldwin del Castillo, Ricardo"]
[Result "0-1"]
[WhiteElo "2014"]
[BlackElo "2045"]
[PlyCount "60"]
[EventDate "2008.07.19"]
[EventType "swiss"]
[EventRounds "9"]
[EventCountry "ESP"]
[Source "lmi"]
[SourceDate "2008.07.19"]

1. c4 Nf6 2. Nc3 g6 3. e4 d6 4. d3 Bg7 5. g3 c5 6. Bg2 Nc6 7. Nge2 a6 8. O-O
Bg4 9. h3 Bd7 10. Be3 Qc8 11. Kh2 h5 12. f3 Ne5 13. h4 Neg4+ 14. fxg4 Nxg4+ 15.
Kg1 Nxe3 16. Qb3 Nxf1 17. Rxf1 Bg4 18. e5 Rb8 19. exd6 exd6 20. Bd5 O-O 21. Nf4
Be6 22. Ne4 Bxd5 23. Nxd5 Qh3 24. Ndf6+ Kh8 25. Qd1 Rbe8 26. Qf3 Re5 27. Ng5
Qf5 28. Qxb7 Qxd3 29. Nfe4 f6 30. Nf7+ Rxf7 0-1

[Event "9. Open Internacional de Galapagar"]
[Site "Galapagar ESP"]
[Date "2008.07.24"]
[Round "6.12"]
[White "Bordo Bujalance, Enrique"]
[Black "Castejon Caballero, Andres"]
[Result "1/2-1/2"]
[WhiteElo "2041"]
[BlackElo "1993"]
[PlyCount "119"]
[EventDate "2008.07.19"]
[EventType "swiss"]
[EventRounds "9"]
[EventCountry "ESP"]
[Source "lmi"]
[SourceDate "2008.07.19"]

1. d4 Nf6 2. c4 g6 3. Nc3 d5 4. cxd5 Nxd5 5. e4 Nxc3 6. bxc3 Bg7 7. Bb5+ c6 8.
Bc4 c5 9. Be3 O-O 10. Ne2 Nc6 11. O-O Bg4 12. f3 Na5 13. Bd3 cxd4 14. cxd4 Be6
15. d5 Bxa1 16. Qxa1 f6 17. Bh6 Re8 18. Qd4 a6 19. Nf4 Bf7 20. Qf2 Rc8 21. h4
Nc4 22. h5 Qb6 23. hxg6 Qxf2+ 24. Kxf2 hxg6 25. Ne2 Ne5 26. Bb1 e6 27. dxe6
Bxe6 28. Be3 Nc4 29. Bd4 Kf7 30. Bd3 b5 31. f4 Bg4 32. Nc3 Rcd8 33. Nd5 Be6 34.
Bxf6 Rd7 35. Bxc4 bxc4 36. Be5 Bxd5 37. exd5 Rxd5 38. Rb1 Rd2+ 39. Kg3 Rxa2 40.
Rb6 Re6 41. Rb7+ Re7 42. Rb6 Ra3+ 43. Kf2 Re6 44. Rb7+ Ke8 45. Rc7 Ra4 46. g4
Kd8 47. Rc5 c3 48. Rxc3 g5 49. Bc7+ Kd7 50. Bb8 gxf4 51. Rc7+ Kd8 52. Rf7 Ree4
53. g5 Ke8 54. Rh7 Re7 55. Rh8+ Kf7 56. Bd6 Re8 57. g6+ Kxg6 58. Rxe8 Kf5 59.
Rf8+ Kg4 60. Rxf4+ 1/2-1/2

[Event "9. Open Internacional de Galapagar"]
[Site "Galapagar ESP"]
[Date "2008.07.24"]
[Round "6.13"]
[White "Julian Sierra, Rogelio"]
[Black "De La Fuente Gonzalez, Francisco"]
[Result "1/2-1/2"]
[WhiteElo "1998"]
[BlackElo "2232"]
[PlyCount "86"]
[EventDate "2008.07.19"]
[EventType "swiss"]
[EventRounds "9"]
[EventCountry "ESP"]
[Source "lmi"]
[SourceDate "2008.07.19"]

1. Nf3 Nf6 2. g3 d5 3. Bg2 c6 4. O-O Bf5 5. d3 h6 6. Nbd2 Nbd7 7. Re1 e5 8. e4
dxe4 9. dxe4 Be6 10. Qe2 Qc7 11. a3 Be7 12. b3 O-O 13. Bb2 b5 14. h3 Ne8 15.
Nh2 Rb8 16. Ng4 Ndf6 17. Ne3 g6 18. Kh1 Bc5 19. b4 Bd4 20. c3 Bb6 21. c4 Bd4
22. Bxd4 exd4 23. Nc2 c5 24. e5 bxc4 25. Nxc4 cxb4 26. exf6 Bxc4 27. Qd2 Nxf6
28. Qxd4 Nd5 29. axb4 Nxb4 30. Nxb4 Rxb4 31. Rxa7 Qb6 32. Qxb6 Rxb6 33. h4 Rb2
34. Kg1 Rd8 35. Ra8 Rxa8 36. Bxa8 Kg7 37. Kg2 Kf6 38. Bc6 Rd2 39. Ba8 h5 40.
Bf3 Bd5 41. Bxd5 Rxd5 42. Re4 Rd3 43. Ra4 Rb3 1/2-1/2

[Event "9. Open Internacional de Galapagar"]
[Site "Galapagar ESP"]
[Date "2008.07.24"]
[Round "6.14"]
[White "Anton Veiga, Juan Carlos"]
[Black "Baeza Escudero, Javier"]
[Result "1-0"]
[WhiteElo "2153"]
[BlackElo "1971"]
[PlyCount "81"]
[EventDate "2008.07.19"]
[EventType "swiss"]
[EventRounds "9"]
[EventCountry "ESP"]
[Source "lmi"]
[SourceDate "2008.07.19"]

1. e4 c5 2. Nf3 d6 3. d4 cxd4 4. Nxd4 Nf6 5. Nc3 a6 6. Be2 e5 7. Nb3 Be7 8. Bg5
Nc6 9. Bxf6 Bxf6 10. Nd5 Bg5 11. Qd3 Be6 12. Rd1 Rc8 13. c3 O-O 14. O-O f5 15.
Bf3 g6 16. Ne3 Be7 17. exf5 Bxf5 18. Be4 Bd7 19. Nc5 dxc5 20. Qxd7 Qxd7 21.
Rxd7 Bg5 22. Nc4 b5 23. Bd5+ Kh8 24. Nd6 Ne7 25. Nf7+ Rxf7 26. Bxf7 Kg7 27. Bd5
a5 28. g3 Rf8 29. Be4 Kf7 30. Rfd1 b4 31. Ra7 bxc3 32. bxc3 Rc8 33. h4 Bf6 34.
Rxa5 g5 35. hxg5 Bxg5 36. Bxh7 Bf6 37. Be4 c4 38. Ra7 Ke6 39. Ra6+ Kf7 40. Rd7
Rb8 41. Rc7 1-0

[Event "9. Open Internacional de Galapagar"]
[Site "Galapagar ESP"]
[Date "2008.07.24"]
[Round "6.15"]
[White "Lorite Cruz, Francisco"]
[Black "Peñaranda Grilo, Juan Carlos"]
[Result "1-0"]
[WhiteElo "2108"]
[BlackElo "1961"]
[PlyCount "56"]
[EventDate "2008.07.19"]
[EventType "swiss"]
[EventRounds "9"]
[EventCountry "ESP"]
[Source "lmi"]
[SourceDate "2008.07.19"]

1. e4 c6 2. d4 d5 3. exd5 cxd5 4. c4 Nf6 5. Nc3 e6 6. Nf3 Bb4 7. Bd2 O-O 8. c5
b6 9. cxb6 Qxb6 10. Na4 Bxd2+ 11. Qxd2 Qc6 12. Nc5 Ne4 13. Nxe4 dxe4 14. Ne5
Qd6 15. Nc4 Qd5 16. Ne3 Qg5 17. Rc1 Ba6 18. Bxa6 Nxa6 19. O-O Qb5 20. a3 Rac8
21. b4 Nc7 22. Rc5 Qd7 23. Rfc1 Nb5 24. Qb2 Rcd8 25. d5 exd5 26. Rxd5 Qb7 27.
Rcd1 Rxd5 28. Rxd5 Re8 1-0

[Event "9. Open Internacional de Galapagar"]
[Site "Galapagar ESP"]
[Date "2008.07.24"]
[Round "6.16"]
[White "Suarez Paz, Alfonso"]
[Black "Cabañas Jimenez, Manuel"]
[Result "1/2-1/2"]
[WhiteElo "1966"]
[BlackElo "2092"]
[PlyCount "74"]
[EventDate "2008.07.19"]
[EventType "swiss"]
[EventRounds "9"]
[EventCountry "ESP"]
[Source "lmi"]
[SourceDate "2008.07.19"]

1. d4 Nf6 2. Bf4 g6 3. c4 Bg7 4. Nc3 d5 5. e3 O-O 6. Bd3 dxc4 7. Bxc4 c5 8.
Nge2 cxd4 9. exd4 Nc6 10. O-O Nh5 11. Be3 Qa5 12. Qb3 Qb4 13. a3 Qxb3 14. Bxb3
Rd8 15. Rfd1 b6 16. Rac1 Ba6 17. Ba2 Rac8 18. b4 Bxe2 19. Nxe2 e6 20. b5 Ne7
21. Rxc8 Rxc8 22. Rc1 Rxc1+ 23. Bxc1 Kf8 24. a4 Ke8 25. Be3 Nf6 26. Nc3 Kd7 27.
f3 Ne8 28. Kf2 Nf5 29. Ne2 Nc7 30. g4 Nxe3 31. Kxe3 Kd6 32. Nc3 f5 33. Kd3 e5
34. Ne2 exd4 35. Nxd4 Bxd4 36. Kxd4 Ne8 37. g5 Ng7 1/2-1/2

[Event "9. Open Internacional de Galapagar"]
[Site "Galapagar ESP"]
[Date "2008.07.24"]
[Round "6.17"]
[White "Navas Jimenez, Julian"]
[Black "Davicce Cañada, Juan Antonio"]
[Result "0-1"]
[WhiteElo "1949"]
[BlackElo "2075"]
[PlyCount "78"]
[EventDate "2008.07.19"]
[EventType "swiss"]
[EventRounds "9"]
[EventCountry "ESP"]
[Source "lmi"]
[SourceDate "2008.07.19"]

1. Nf3 d5 2. d4 Nf6 3. c4 e6 4. Nc3 Bb4 5. Bg5 Nbd7 6. e3 c5 7. Bd3 Qa5 8. O-O
Bxc3 9. bxc3 Qxc3 10. Qe2 Qa5 11. Rac1 dxc4 12. Rxc4 b5 13. Rxc5 Nxc5 14. dxc5
Qc7 15. Bxb5+ Ke7 16. Rc1 e5 17. h3 Rd8 18. Bd3 Be6 19. Qc2 h6 20. Bh4 Bd5 21.
e4 Bc6 22. Bxf6+ Kxf6 23. g4 g6 24. Qc3 Rd7 25. h4 g5 26. hxg5+ hxg5 27. Qd2
Rg8 28. Qe3 Qd8 29. Bc2 Qe7 30. Kg2 Rg6 31. Rh1 Kg7 32. Rh5 f6 33. Bb3 Rd8 34.
Qe1 Qd7 35. Kg3 Rh8 36. Rxh8 Kxh8 37. Qh1+ Kg7 38. Qe1 Qd3 39. Qb4 Bxe4 0-1

[Event "9. Open Internacional de Galapagar"]
[Site "Galapagar ESP"]
[Date "2008.07.24"]
[Round "6.18"]
[White "Torres Samper, Rafael"]
[Black "Sanchez Millan, Eduardo"]
[Result "1-0"]
[WhiteElo "2068"]
[BlackElo "1927"]
[PlyCount "35"]
[EventDate "2008.07.19"]
[EventType "swiss"]
[EventRounds "9"]
[EventCountry "ESP"]
[Source "lmi"]
[SourceDate "2008.07.19"]

1. e4 c5 2. Nf3 d6 3. d4 cxd4 4. Qxd4 Nc6 5. Bb5 Bd7 6. Bxc6 Bxc6 7. Nc3 Nf6 8.
Bg5 h6 9. Bxf6 gxf6 10. O-O-O e6 11. Rhe1 Be7 12. Nd5 exd5 13. exd5 Bb5 14.
Qxf6 Kd7 15. Qxf7 Re8 16. Nd4 Qa5 17. Nf5 Qd8 18. Re6 1-0

[Event "9. Open Internacional de Galapagar"]
[Site "Galapagar ESP"]
[Date "2008.07.24"]
[Round "6.19"]
[White "Paarup, Torsten"]
[Black "Avendaño Mateos, Ivan Jose"]
[Result "1-0"]
[WhiteElo "2046"]
[BlackElo "1909"]
[PlyCount "63"]
[EventDate "2008.07.19"]
[EventType "swiss"]
[EventRounds "9"]
[EventCountry "ESP"]
[Source "lmi"]
[SourceDate "2008.07.19"]

1. e4 c6 2. d4 d5 3. e5 Bf5 4. h4 h5 5. c4 e6 6. Nc3 Nd7 7. cxd5 cxd5 8. Bd3
Bxd3 9. Qxd3 a6 10. Nf3 Nh6 11. Bg5 Be7 12. O-O Nf5 13. g3 O-O 14. Ne2 b5 15.
Nf4 g6 16. Ng2 Rc8 17. Ne3 Re8 18. Nxf5 exf5 19. a4 Bxg5 20. Nxg5 Qb6 21. axb5
axb5 22. b3 Rc6 23. Rfc1 Rec8 24. Rxc6 Rxc6 25. Ra8+ Kg7 26. Qd2 b4 27. Re8 Qa7
28. Re7 Qa1+ 29. Kg2 Nf8 30. Rxf7+ Kg8 31. Qxb4 Qa8 32. Qe7 1-0

[Event "9. Open Internacional de Galapagar"]
[Site "Galapagar ESP"]
[Date "2008.07.24"]
[Round "6.20"]
[White "Garcia Galeote, Lorenzo"]
[Black "Gonzalo Gonzalez, Francisco"]
[Result "1-0"]
[WhiteElo "2037"]
[BlackElo "1858"]
[PlyCount "80"]
[EventDate "2008.07.19"]
[EventType "swiss"]
[EventRounds "9"]
[EventCountry "ESP"]
[Source "lmi"]
[SourceDate "2008.07.19"]

1. d4 e5 2. c3 Nc6 3. d5 Nce7 4. e4 Nf6 5. Qc2 g6 6. g3 Bg7 7. Bg2 O-O 8. Ne2
d6 9. O-O Bg4 10. h3 Bd7 11. c4 Qc8 12. Kh2 c6 13. dxc6 Bxc6 14. Nbc3 b5 15.
cxb5 Bxe4 16. Bxe4 d5 17. Bg2 d4 18. Bxa8 dxc3 19. Bg2 cxb2 20. Qxb2 e4 21. Qb1
Qc4 22. Ng1 h5 23. Bb2 h4 24. Rc1 Qe6 25. Qc2 e3 26. fxe3 Nf5 27. Bxf6 Bxf6 28.
Rab1 Qe5 29. Ne2 hxg3+ 30. Kh1 Nxe3 31. Qe4 Qg5 32. Qf4 Rd8 33. Qxg5 Bxg5 34.
Rc5 Bh6 35. Nxg3 Rd2 36. Nf1 Rxa2 37. Nxe3 Bxe3 38. Rc7 Bf4 39. Rxf7 Rxg2 40.
Rxf4 Ra2 1-0

[Event "9. Open Internacional de Galapagar"]
[Site "Galapagar ESP"]
[Date "2008.07.24"]
[Round "6.26"]
[White "Tolosana Esteban, Enrique"]
[Black "Carrasco Espasandin, Pablo"]
[Result "1-0"]
[WhiteElo "1954"]
[BlackElo "1802"]
[PlyCount "110"]
[EventDate "2008.07.19"]
[EventType "swiss"]
[EventRounds "9"]
[EventCountry "ESP"]
[Source "lmi"]
[SourceDate "2008.07.19"]

1. e4 e6 2. d4 d5 3. Nc3 dxe4 4. Nxe4 Nd7 5. c4 Ngf6 6. Nc3 c5 7. Be3 cxd4 8.
Bxd4 Be7 9. f4 b6 10. Qf3 Rb8 11. O-O-O Bb7 12. Qg3 O-O 13. Nf3 Bc5 14. Be5 Rc8
15. Bxf6 Qxf6 16. Rxd7 Be3+ 17. Kc2 Bxf4 18. Qh4 g5 19. Qg4 Ba6 20. g3 Qg6+ 21.
Bd3 f5 22. gxf4 fxg4 23. Bxg6 hxg6 24. Nxg5 Bxc4 25. Rd4 e5 26. fxe5 Rf2+ 27.
Rd2 Rf5 28. Nge4 Rxe5 29. Nf6+ Kg7 30. Nxg4 Rg5 31. Rd7+ Kf8 32. Ne3 Bxa2 33.
b3 Rb5 34. Rxa7 Bxb3+ 35. Kb2 Bd5+ 36. Nxb5 Bxh1 37. Ng4 Re8 38. Nd6 Re2+ 39.
Kc3 Bd5 40. Nf6 Be6 41. h4 Rh2 42. Rh7 Rf2 43. Nde4 Rf4 44. Kd4 Bg8 45. Rb7
Rxh4 46. Ke5 Rh7 47. Rb8+ Kg7 48. Ne8+ Kh6 49. N8f6 Re7+ 50. Kd6 Re6+ 51. Kd7
Bf7 52. Rh8+ Kg7 53. Rh7+ Kf8 54. Kd8 Rc6 55. Nd7+ Kg8 1-0

[Event "9. Open Internacional de Galapagar"]
[Site "Galapagar ESP"]
[Date "2008.07.24"]
[Round "6.27"]
[White "Osorio Ramos, Francisco"]
[Black "Galan Aguado, Fernando"]
[Result "1/2-1/2"]
[WhiteElo "1940"]
[BlackElo "1848"]
[PlyCount "64"]
[EventDate "2008.07.19"]
[EventType "swiss"]
[EventRounds "9"]
[EventCountry "ESP"]
[Source "lmi"]
[SourceDate "2008.07.19"]

1. c4 c6 2. e4 d5 3. cxd5 cxd5 4. e5 e6 5. d4 Nc6 6. Nf3 Qb6 7. Nc3 Bd7 8. Be2
Nge7 9. O-O Nf5 10. Na4 Qa5 11. Nc3 Qb6 12. Na4 Qa5 13. b3 a6 14. g4 Nh6 15. h3
b5 16. Bd2 Qc7 17. Nb2 Qb6 18. Be3 Ng8 19. Nd3 Ba3 20. Bc1 Bxc1 21. Nxc1 Nge7
22. Qd2 O-O 23. Qe3 f6 24. Nd3 f5 25. Nc5 Ra7 26. Ng5 f4 27. Qd3 Ng6 28. Ngxe6
Bxe6 29. Nxe6 Ncxe5 30. dxe5 Qxe6 31. Bf3 Rd7 32. Rad1 Rfd8 1/2-1/2